|
|
|
|
| LEADER |
00000nam2a2200000 4500 |
| 001 |
378915 |
| 005 |
20231102013038.0 |
| 035 |
|
|
|a (RuTPU)RU\TPU\retro\36376
|
| 035 |
|
|
|a RU\TPU\retro\36374
|
| 090 |
|
|
|a 378915
|
| 100 |
|
|
|a 20230620d1967 k y0rusy50 ca
|
| 101 |
0 |
|
|a rus
|
| 102 |
|
|
|a RU
|
| 105 |
|
|
|a a z 001zy
|
| 200 |
0 |
|
|a Вып. 75 : Геология медно-колчеданных, свинцово-цинковых и никелевых месторождений
|
| 210 |
|
|
|d 1967
|
| 215 |
|
|
|a 231 с.
|c ил.
|
| 320 |
|
|
|a Библиогр. в конце ст.
|
| 461 |
|
1 |
|0 (RuTPU)RU\TPU\retro\36250
|t Труды института ЦНИГРИ
|f Центральный научно-исследовательский горно-разведочный институт цветных, редких и благородных металлов
|v Вып. 75 : Геология медно-колчеданных, свинцово-цинковых и никелевых месторождений
|d 1958-
|
| 606 |
1 |
|
|a Золоторудные месторождения
|2 stltpush
|3 (RuTPU)RU\TPU\subj\11877
|9 38756
|
| 610 |
1 |
|
|a геология
|
| 610 |
1 |
|
|a золото
|
| 610 |
1 |
|
|a горное дело
|
| 610 |
1 |
|
|a Южный Урал
|
| 610 |
1 |
|
|a колчеданные месторождения
|
| 610 |
1 |
|
|a условия образования
|
| 610 |
1 |
|
|a Филизчайское месторождение
|
| 610 |
1 |
|
|a Северный Кавказ
|
| 610 |
1 |
|
|a Западное Забайкалье
|
| 610 |
1 |
|
|a колчеданно-полиметаллические месторождения
|
| 610 |
1 |
|
|a вулканогенные образования
|
| 610 |
1 |
|
|a Рудный Алтай
|
| 610 |
1 |
|
|a карты метаморфизма
|
| 610 |
1 |
|
|a свинцово-цинковые месторождения
|
| 610 |
1 |
|
|a промышленно-генетические типы
|
| 610 |
1 |
|
|a СССР
|
| 610 |
1 |
|
|a никеленосные провинции
|
| 610 |
1 |
|
|a сульфидные медно-никелевые месторождения
|
| 675 |
|
|
|a 553.411
|v 3
|
| 702 |
|
1 |
|a Бородаевская
|b М. Б.
|4 340
|
| 801 |
|
1 |
|a RU
|b 63413507
|c 20051123
|g PSBO
|
| 801 |
|
2 |
|a RU
|b 63413507
|c 20230620
|g PSBO
|
| 942 |
|
|
|c BK
|